[Event "World Women-ch"]
[Site "Kazan/Shenyang"]
[Date "1999.07.31"]
[Round "2"]
[White "Xie, Jun"]
[Black "Galliamova, Alisa"]
[Result "1-0"]
[WhiteElo "2528"]
[BlackElo "2556"]
[Annotator "Tsesarsky,I"]
[PlyCount "57"]
[EventDate "1999.07.05"]
[EventType "match"]
[EventRounds "16"]
[EventCountry "RUS"]
[SourceTitle "CBM 073"]
[Source "ChessBase"]
[SourceDate "1999.12.01"]
[SourceVersion "1"]
[SourceVersionDate "1999.12.01"]
[SourceQuality "1"]

1. e4 {McShane} c5 2. Nf3 Nc6 3. d4 cxd4 4. Nxd4 Nf6 5. Nc3 d6 6. Bg5 e6 7. Qd2
a6 8. O-O-O Nxd4 9. Qxd4 Be7 10. f4 b5 11. Bxf6 gxf6 (11... Bxf6 12. e5 dxe5
13. Qc5 $1 Bd7 14. Nxb5 $1 $18) 12. e5 (12. f5 Qc7 (12... Qa5 13. Kb1 b4 14.
Ne2 e5 15. Qe3 Bb7 16. Ng3 d5 17. Bd3 O-O-O 18. Qe2 h5 19. exd5 h4 20. Ne4 $16)
13. fxe6 (13. Be2 Qc5 14. Qd3 Ra7 15. Bh5 $14) (13. Kb1 Qc5 (13... Bd7 14. Be2
h5 15. Rhf1 Qc5 16. Qxc5 (16. fxe6 fxe6 17. Qxc5 dxc5 18. e5 f5 19. Bf3 Ra7 (
19... Rd8 20. Ne2 Bg5 21. Rd6 a5 22. Rfd1 $14) 20. Ne2 $14) 16... dxc5 17. Rd2
Bc6 18. Bf3 Rd8 19. Rxd8+ Bxd8 $15 {0-1 Tomescu,V-Lugovoi,A/FSGM Dec, Budapest
HUN 1997 (32)}) 14. Qd2 Bd7 15. g3 b4 16. fxe6 fxe6 17. Ne2 a5 18. Bh3 Rc8 19.
Nd4 Qe5 20. Rhe1 Rc7 21. Qh6 Bf8 22. Qh4 h5 $132) 13... fxe6 14. Qd2 Qc5 15.
Kb1 Bd7 16. Bd3 b4 17. Ne2 a5 18. Nf4 a4 19. Be2 $132) (12. Bd3 Qc7 13. Qe3 Qc5
(13... Bd7 14. Qh3 b4 15. Ne2 h5 16. f5 $14) 14. Qg3 (14. Qh3 h5 15. Kb1 b4 16.
Ne2 $14) 14... b4 15. Ne2 a5 16. Kb1 $14) (12. Be2 Qa5 (12... Qc7 13. Bf3 (13.
Bh5 Qc5 14. Qxc5 dxc5 15. f5 {[#]} b4 (15... exf5 $5 16. Nd5 Ra7 17. exf5 Bxf5
18. Rhe1 $16) 16. Ne2 e5 (16... exf5 17. Bf3 $1 $44) 17. Ng3 (17. b3 Bb7 18.
Ng3 c4 19. bxc4 Bc6 $11) 17... c4 $1 $132 {1/2-1/2 Lautier,J-Pelletier,Y/Biel
1997/CBM 60/ (41)}) (13. f5 Qc5 14. Qxc5 dxc5 15. fxe6 fxe6 16. Bh5+ Kf8 17. e5
f5 18. g4 Ra7 19. gxf5 exf5 20. Nd5 Kg7 $11 (20... Bg5+ 21. Kb1 Rg7 (21... Be6
22. Rhg1 $16) 22. h4 Bd8 23. e6 Rhg8 24. Ne3 $16)) 13... Bb7 14. f5 h5 15. Kb1
Qc5 16. Qd2 O-O-O 17. a3 Kb8 $132) 13. e5 fxe5 14. fxe5 d5 15. Nxd5 exd5 16. e6
O-O $13 {0-1 Shirov,A-Kramnik,V/Monaco rapid 1996/CBM 53/ (29)}) (12. Kb1 Qc7 (
12... Rb8 13. f5 b4 14. Ne2 e5 15. Qd2 h5 16. h4 Qc7 17. Ng3 Bb7 18. b3 (18.
Be2 $16) 18... Qc3 19. Qxc3 bxc3 20. Bc4 $16 {1/2-1/2 Matulovic,M-Ivanisevic,I/
Vrnjacka Banja YUG 1999 (44)}) 13. Qd2 Bb7 14. Bd3 O-O-O 15. a3 Kb8 16. f5 h5
17. Rhf1 d5 18. exd5 exd5 19. h3 $14 (19. Ne2 Qxh2 $44 {0-1 Xie Jun-Atalik,S/
Keres Rapid, Tallinn EST 1998 (69)})) 12... d5 (12... dxe5 13. Qe4 Bd7 14. Rxd7
(14. fxe5 fxe5 15. Qxe5 Bf6 16. Qe1 $14) 14... Kxd7 15. Bxb5+ axb5 16. Rd1+ Bd6
17. Nxb5 (17. Qb7+ Ke8 18. Nxb5 Rb8 19. Qc6+ Ke7 (19... Kf8 20. Nxd6 Qe7 (20...
Qb6 21. Qd7 Qxb2+ 22. Kd2 $18) 21. fxe5 fxe5 $17) 20. Nxd6 Qb6 $17) (17. fxe5
fxe5 18. Qxe5 Qb8 19. Nxb5 (19. Ne4 Ra6 20. Nc5+ Kc6 21. Qxd6+ Qxd6 22. Rxd6+
Kxd6 23. Nxa6 Rg8 $17) 19... Ra6 20. Nxd6 Rxd6 21. Rxd6+ Qxd6 22. Qxh8 Qf4+ 23.
Kd1 Qf1+ 24. Kd2 Qxg2+ 25. Kc3 Qc6+ $11) 17... Ke7 18. Nxd6 Qb6 19. fxe5 Rxa2
20. exf6+ Kf8 21. b3 Qa5 22. Qf4 Qa3+ 23. Kd2 Qa5+ 24. Ke3 Qc3+ 25. Rd3 Qe1+
26. Kd4 Qa1+ 27. Kc5 Rxc2+ 28. Kb4 Qe1+ 29. Kb5 $18) (12... fxe5 13. fxe5 dxe5
14. Qxe5 Bg5+ 15. Kb1 Qf6 16. Qd6 (16. Qe4 $18) 16... e5 17. Qc5 $18) 13. Kb1
Bd7 (13... b4 14. Ne2 (14. exf6 Bxf6 15. Qxb4 Qc7 $44) 14... a5 15. Ng3 f5 (
15... Ba6 16. Nh5 (16. Bxa6 Rxa6 17. f5 $40) 16... f5 17. Bxa6 Rxa6 18. h3 Rg8
19. g4 fxg4 20. Qd3 Rc6 21. Qxh7 $16) 16. Nh5 Rb8 (16... Rg8 17. h3 a4 18. g4
fxg4 19. hxg4 Rxg4 20. Be2 (20. Nf6+ Bxf6 21. exf6 Qd6 22. Rxh7 Rxf4 23. Bb5+
Kd8 24. Qg1 Rxf6 25. Qg8+ Kc7 26. Rxf7+ Rxf7 27. Qxf7+ Kb8 $17) 20... Rg8 21.
Nf6+ Bxf6 22. exf6 $14) 17. g4 fxg4 18. f5 Rg8 (18... exf5 19. e6 Rg8 20. exf7+
Kxf7 21. Bg2 Bb7 22. Rhf1 Rg5 23. Nf4 Bf6 24. Qa7 $16) 19. Nf6+ Bxf6 20. exf6
$36 {1-0 Kasparov,G-Hracek,Z/Yerevan olm 1996/EXT 96ch2/ (25)}) (13... Bb7 14.
Qe3 (14. Bd3 Rc8 (14... b4 15. exf6 Bxf6 16. Qxb4 Qc7 17. Na4 $14) (14... f5
15. g4 fxg4 16. f5 $40) 15. f5 fxe5 16. Qxe5 Bf6 17. Qe1 Bxc3 (17... e5 18. Be4
$16) (17... Rxc3 18. bxc3 Qa5 19. fxe6 Bxc3 20. exf7+ $18) 18. bxc3 Qd7 19.
fxe6 fxe6 (19... Qxe6 20. Bf5 $18) 20. Qh4 $16 {[%csl Re8]}) (14. f5 fxe5 15.
Qxe5 Bf6 16. Qg3 Qe7 17. fxe6 fxe6 18. Be2 O-O-O 19. Bg4 h5 20. Bh3 h4 21. Qf4
Bg7 22. Rhe1 $16 {[%csl Re6] 1-0 Kasparov,G-Ivanchuk,V/Chess Classic Giants,
Frankfurt GER 1998 (35)}) 14... Qc7 15. exf6 (15. Ne2 O-O-O 16. Nd4 $14 {
1/2-1/2 Fiorito,F-Braga,F/Villa Gesell 1997/CBM 58/[Rechlis,G] (21)}) 15...
Bxf6 16. Nxd5 $14 (16. Ne2 d4 17. Nxd4 O-O-O 18. c3 $14 (18. Be2 Qc5 19. c3
Bxg2 20. Rhg1 Bb7 $132 {0-1 De la Paz,F-Vera,R/Capablanca Premier 1997 (24)})))
14. Qe3 {McShane: 'Threatening 15.Nxd5! exd5 16.exf6'} (14. f5 fxe5 15. Qxe5
Bf6 16. Qe3 O-O 17. Qh3 Rc8 18. Bd3 Qe7 19. Rhe1 Rxc3 20. bxc3 e5 21. Qg4+ Bg7
22. Be4 $1 $16 {1-0 Galliamova,A-Iskusnyh,S/Novgorod RUS 1999 (25)}) 14... f5
15. g4 {'!?' McShane. McShane: 'Sacrificing a pawn to open lines fast.'} (15.
Qh3 h5 16. Ne2 Qb6 17. Nd4 O-O-O 18. Qd3 Kb7 19. Be2 $14 {1/2-1/2 Mrdja,
M-Lugovoi,A/Open, Bozen ITA 1998 (28)}) 15... fxg4 16. h3 gxh3 17. Bxh3 Qc7 18.
f5 (18. Qg3 O-O-O 19. Qg7 Rdf8 20. f5 Rhg8 21. Qxh7 Rh8 (21... Qxe5 22. fxe6
Bxe6 23. Bxe6+ Qxe6 24. Rhe1 $18) 22. Qg7 Rhg8 $11) 18... O-O-O (18... Rc8 $1
19. f6 (19. fxe6 fxe6 20. Rd2 {[%csl Yc2]} b4 21. Ne2 {[%cal Ge3h6]} h6 (21...
Rg8 22. Nf4 Qc6 23. Qe2 Rg5 $17) 22. Bg4 Bg5 23. Nf4 O-O 24. Rf2 Qc4 25. Rg1
Rxf4 26. Bxe6+ Bxe6 27. Qxf4 Kh7 $17) (19. Rh2 b4 $17) (19. Rd2 Bb4 $17) (19.
Qh6 $1 b4 20. Qh5 $1 bxc3 (20... Kd8 21. f6 Bf8 22. Nxd5 exd5 23. Qxf7 Bxh3 24.
Qxd5+ (24. Qxc7+ Kxc7 25. Rxh3 Kd7 $19) 24... Ke8 25. e6 Bd6 26. Qh5+ (26. Qxd6
Qxd6 27. Rxd6 Bf5 28. Rh2 Rf8 29. e7 Rg8 $17) 26... Kf8 27. e7+ Bxe7 28. fxe7+
Kxe7 29. Qh4+ Kf7 30. Qf2+ $18) 21. fxe6 $16) 19... Bb4 $1 (19... Bc5 20. Qf4
b4 21. Ne2 Bb5 22. Ng3 h5 23. Qg5 h4 24. Nh5 Kd8 (24... Bf8 25. Ng7+ Bxg7 26.
fxg7 Rg8 (26... Qxc2+ 27. Ka1 Rg8 28. Rc1 $18) 27. Rh2 Ba4 28. b3 Bd7 29. Qh5
$16) 25. Nf4 Be3 26. Nxe6+ fxe6 27. Qxe3 Qxc2+ 28. Ka1 $16) 20. Rd3 Bc5 21. Qg3
(21. Qg5 b4 22. Ne2 h6 23. Qf4 Bd6 $1 $19 {[%csl Rc2,Rd3]}) 21... b4 22. Nxd5
exd5 23. Qg7 Bxh3 24. Qxh8+ Bf8 25. Rc1 Bf5 $19) 19. Rhf1 Kb8 (19... Bc5 $44)
20. fxe6 fxe6 21. Rf7 d4 $5 (21... Bc8 22. Ne2 $44) (21... Bc8 {McShane is
less risky.}) 22. Rxd4 $5 (22. Qxd4 Be8 23. Qxd8+ (23. Rxe7 Rxd4 24. Rxc7 Rxd1+
25. Nxd1 Kxc7 $19) 23... Bxd8 24. Rxc7 Bxc7 25. Ne4 (25. Bxe6 {McShane} Bxe5 {
and Black is better due to the bishop pair and passed pawn.}) 25... Bxe5 26.
Nc5 a5 27. Nxe6 $15) 22... Bc5 23. Ne2 (23. Rdxd7 Qxd7 24. Qf3 Rdf8 $1 $17)
23... h5 (23... Qb6 24. c3 (24. Bg2 Rhg8 25. Be4 Rgf8 26. Rf3 h5 $17) 24... h5
25. b4 Bxd4 26. Nxd4 h4 27. Bg2 Kc8 28. Qf3 Rhe8 $44) 24. b4 {'!' McShane.}
Bxd4 25. Nxd4 Rc8 $2 $16 (25... Qb6 {This move was equalizing move.} 26. Bg2
Kc8 27. Qc3+ Kb8 28. Qe3 (28. Rxd7 Rxd7 29. Nc6+ Ka8 30. Nd8+ Kb8 31. Nc6+ $11)
28... Kc8 $11 {And draw by repetition of moves.}) (25... Rhf8 {McShane runs
into} 26. Nxe6) 26. Bg2 (26. Bxe6 Rhd8 27. Bf5 $16) 26... Rhg8 $2 $18 {'?'
McShane.} (26... Rhd8 27. Nc6+ Bxc6 28. Rxc7 (28. Bxc6 {McShane} Rd1+ (28...
Qxc6 29. Qa7#) (28... Qxf7 29. Qb6+) 29. Kb2 Re1 $1 30. Qc5 (30. Qd4 Rd8) 30...
Qxe5+ 31. Qxe5+ Rxe5 32. Rb7+ Ka8 33. Rc7+ Kb8 34. Rb7+) 28... Rd1+ 29. Kb2
Rxc7 30. Qb6+ Bb7 31. Bxb7 Rxb7 32. Qxe6 $16 (32. Qxa6 h4 33. Qxe6 Rd4 34. c3
$16)) {[%tqu "En","?","","","d4c6","",10]} 27. Nc6+ $1 Ka8 28. Rxd7 {'!!'
McShane.} (28. Bh1 $18) 28... Qxd7 29. Nb8+ 1-0

[Event "MK Cafe Cup-A"]
[Site "Koszalin"]
[Date "1999.08.10"]
[Round "7"]
[White "Antoniewski, Rafal"]
[Black "Lerner, Konstantin Z"]
[Result "1-0"]
[WhiteElo "2417"]
[BlackElo "2588"]
[Annotator "Tsesarsky,I"]
[PlyCount "143"]
[EventDate "1999.08.03"]
[EventType "swiss"]
[EventRounds "9"]
[EventCountry "POL"]
[SourceTitle "CBM 073"]
[Source "ChessBase"]
[SourceDate "1999.12.01"]
[SourceVersion "1"]
[SourceVersionDate "1999.12.01"]
[SourceQuality "1"]

1. e4 c5 2. Nf3 d6 3. d4 cxd4 4. Nxd4 Nf6 5. Nc3 Nc6 6. Bg5 e6 7. Qd2 a6 8.
O-O-O h6 9. Be3 Be7 10. f3 Nxd4 11. Bxd4 b5 12. Kb1 Rb8 13. Ba7 (13. g4 b4 (
13... Qc7 14. h4 b4 15. Ne2 e5 16. Bf2 Be6 17. Ng3 Qa5 18. b3 d5 19. g5 hxg5
20. hxg5 Rxh1 21. Nxh1 Nh5 22. exd5 Rd8 23. Bc4 Nf4 24. dxe6 Rxd2 25. exf7+ Kf8
26. Rxd2 $16 {1-0 McShane,L-Gross,D/Gelsenkirchen GER 1999 (34)}) (13... e5 14.
Be3 Qa5 15. h4 Be6 16. Be2 Nd7 17. Nd5 Qxd2 18. Rxd2 Bxd5 19. Rxd5 Nb6 20. Rdd1
$14 {1/2-1/2 Poluliakhov,A-Makarov,M/Podgorica 1993 (60)}) 14. Bxf6 (14. Ne2 e5
15. Be3 Be6 $132) 14... Bxf6 (14... gxf6) 15. Ne2 Rb6 (15... Be7 16. f4) 16. f4
(16. h4 $2 Bxh4 17. Rxh4 Qxh4 18. Qd4 Rc6 19. Qxg7 Rf8 20. Qd4 $17 {1/2-1/2
Cseshkovsky,V-Ruban,V/St.Petersburg (zt) 1993/Inf 56/ (46)})) (13. Qf2 b4 (
13... Qc7 14. h4 (14. g4 Bd7 15. h4 b4 16. Ne2 e5 17. Be3 Rc8 18. Ng3 Bxg4 19.
Bb6 Qxc2+ 20. Qxc2 Rxc2 21. fxg4 Rc6 22. Ba7 $16 {1-0 Ivanovic,B-Makarov,M/
Podgorica 1993 (39)}) 14... b4 15. Na4 e5 16. Ba7 Rb7 17. Be3 Qc6 18. Nb6 Be6
19. b3 O-O 20. Bc4 Rxb6 21. Bxb6 Bxc4 22. bxc4 Qxc4 $44 {1-0 Almasi,
Z-Galliamova Ivanchuk/Vienna AUT Chess Festival op 1996 (76)}) (13... Qa5 14.
h4 b4 15. Ne2 e5 16. Ba7 Rb7 17. Nc1 Be6 18. Nb3 (18. Be3 d5 19. Nb3 Qa4 20.
Bc5 O-O 21. g4 dxe4 22. Bxe7 Rxe7 23. g5 Nh5 24. gxh6 g6 25. fxe4 Qc6 26. Rg1
Kh7 27. Rg5 Bxb3 28. axb3 Nf4 29. h5 Nxh5 30. Qd2 a5 31. Rxh5 gxh5 32. Bh3 f6
$1 $11 {Elburg-Rinkis, corr. 1993/95 (37)} (32... Kh8 33. Rg1 f6 34. Qg2 Qe8
$44 (34... f5 $2 35. h7 $1 Qe8 36. Bxf5 $18 {Judasin-Kovalev, Simferopol 1988})
)) 18... Qc7 19. Be3 a5 $36) 14. Ne2 Qa5 15. Nc1 e5 16. Be3 Be6 17. Bd3 d5 $11
{0-1 Atakisi,U-Gershon,A/Yerevan ARM 1999 (37)}) (13. h4 b4 14. Ne2 e5 15. Ba7
Rb7 16. Bf2 Be6 17. Nc1 a5 18. g4 (18. Ba6 Rb8 19. Ba7 Ra8 20. Bb5+ Nd7 21. Be3
Qc7 22. g4 Rb8 23. Ba4 O-O $132 {1/2-1/2 Volzhin,A-Hernandez,G/Linares 1996 
(36)}) 18... h5 (18... Qc7 19. Ba6 Rb8 20. g5 Nh5 21. gxh6 Rxh6 22. Be3 Rh8 23.
Qd3 $132 {0-1 Brodsky,M-Serper,K/Novgorod (open) 1995/Inf 64/ (41)}) 19. g5 Nd7
20. Bh3 Bxh3 21. Rxh3 g6 22. f4 $14 {1-0 Ehlvest,J-Zontakh,A/St.Petersburg op2
1994 (61)}) (13. e5 dxe5 14. Bxe5 Qxd2 15. Rxd2 Ra8 16. Bxf6 $6 Bxf6 $15 (16...
gxf6 17. Ne4 O-O 18. Be2 Rd8 19. Rxd8+ Bxd8 20. c4 bxc4 21. Bxc4 Be7 22. Rd1
Ra7 $5 $15 {1/2-1/2 Herrera,I-Khalifman,A/Linares 1997/CBM 58/ (74)})) (13.
Bxf6 Bxf6 (13... gxf6 14. Ne2 e5 $2 15. Nc3 $16 {1-0 Szelag,M-Dwyer,D/MK Cafe,
Koszalin POL 1997 (32)}) 14. Qxd6 Qxd6 15. Rxd6 Ke7 16. Rd1 Bxc3 17. bxc3 e5
18. Kb2 Be6 19. Bd3 Rhc8 $44 {0-1 Anand,V-Kramnik,V/Monte Carlo blindfold 1996
(40)}) (13. Qe3 b4 (13... Bd7 14. e5 dxe5 15. Bxe5 Rb7 (15... Qb6 16. Qf4 (16.
Qe1 Rb7 17. Ne4 Nxe4 18. Qxe4 Bc6 19. Qg4 Rg8 20. Bd3 $14 {1-0 Hracek,
Z-Lagunov,A/2.BLN 1994 (31)}) 16... Rb7 17. Ne4 Nxe4 18. Qxe4 f5 19. Qe1 O-O
20. Bd3 $14 {1/2-1/2 Anand,V-Atalik,S/Oviedo rapid 1993 (49)}) 16. g4 Qc8 17.
h4 Bc6 18. Be2 b4 $1 (18... Rg8 $2 19. g5 hxg5 20. hxg5 Nd7 (20... Nd5 21. Nxd5
Bxd5 22. Bxg7 $16 {1-0 Saulin,D-Korotylev,A/Moscow-ch op 1995/EXT 95ch/ (36)})
21. Bg3 Bc5 22. Qd3 $14) 19. Ne4 Nxe4 20. fxe4 f6 $132) 14. Na4 (14. Ne2 Qa5
$132 (14... e5 15. Bxe5 $16)) 14... Qc7 (14... Bd7 15. Nb6 Bb5 (15... e5 16.
Nxd7 Nxd7 (16... exd4 17. Nxf6+ Bxf6 18. Rxd4 $5 (18. Qd3 a5 $11) 18... Bxd4
19. Qxd4 {[#]} Qg5 $1 $15 {Rinkis. 0-1 Rose,A-Rinkis,U/cr Betinsch memorial 0 
(45)}) 17. Ba7 Ra8 18. Qf2 Qc7 19. Be3 O-O $14 (19... Bg5 20. Bxg5 hxg5 21. Qd2
$16)) 16. Nc4 Qc7 (16... O-O 17. Bxf6 $16) 17. Nxd6+ Bxd6 18. e5 Nd5 19. exd6
Qxd6 20. Bxb5+ (20. Qe5 Qxe5 21. Bxe5 Rc8 22. Bxb5+ axb5 23. Bxg7 Rg8 24. Bxh6
Rxg2 25. Bd2 $14 {1/2-1/2 Annageldiev,O-Serper,G/Calcutta 1995/Inf 63/ (39)} (
25. Rd2 Rg6)) 20... axb5 21. Qe4 $16) 15. b3 (15. Ba7 Rb7 16. Bb6 Qc6 17. b3
O-O 18. Bd4 e5 19. Bb2 Bd7 20. h4 Qc7 21. g4 Bxa4 22. bxa4 Nd7 23. Bxa6 Ra7 24.
Bc4 Nb6 25. Bb3 Qc5 $44 {1-0 Anand,V-Serper,G/Groningen PCA 1993/ (34)}) 15...
O-O 16. Bd3 e5 17. Bb2 Bd7 18. Bxa6 Ra8 19. Qe2 Bxa4 20. bxa4 Nd7 21. Qc4 Nc5
22. Bb5 Qa5 $11 {1/2-1/2 Kasparov,G-Kramnik,V/Moscow PCA Kremlin g/25 RUS (4.1)
1996 (28)}) 13... Rb7 14. Be3 (14. Bf2 b4 15. Ne2 e5 16. Nc1 a5 17. Bc4 Be6 18.
Bxe6 fxe6 19. g4 O-O 20. h4 Nd7 $11 {0-1 Gruenfeld,Y-Greenfeld,A/Nir-Galim
blitz 1995 (43)}) 14... Qc7 (14... b4 15. Ne2 a5 (15... e5 16. Nc1 (16. c4 Be6
17. Ng3 O-O 18. Nf5 Bxf5 19. exf5 Qc8 20. g4 $132 {1/2-1/2 Socko,B-Avrukh,B/
World Juniors, Zagan POL 1997 (42)}) 16... Rb8 (16... a5 17. Ba6 Rb8 18. Bxc8
Rxc8 19. Ne2 h5 20. h4 Nd7 21. Ng3 g6 22. Nf1 $11 {1/2-1/2 Krakops,M-Avrukh,B/
World Juniors, Zagan POL 1997 (33)}) 17. Bc4 O-O 18. g4 Qc7 19. Bb3 Be6 20. g5
hxg5 21. Bxg5 Rfd8 22. Rhg1 Ne8 23. Ne2 Bxg5 24. Qxg5 Bxb3 25. axb3 Rbc8 $132 {
1-0 Lanka,Z-Vydeslaver,A/Open, Groningen NED 1997 (38)}) 16. Nd4 Bd7 17. g4 Qc7
18. h4 a4 19. Ba6 Rb8 20. g5 Nh5 21. g6 Rf8 22. Qg2 $36 {1-0 Pikula,D-Zontakh,
A/Belgrade (YUG) 1996 (37)}) (14... Nd7 $5 15. Bd3 Ne5 16. Ne2 Qc7 17. Bd4 O-O
18. Ng3 Rd8 19. Nh5 Bf8 20. Qf2 Nxd3 21. cxd3 e5 22. Rc1 Qb8 23. Be3 f5 24.
exf5 {1/2-1/2 Leko Petar-Tukmakov Vladimir/Ch Croatia (team) (1st league),
Tucepi 1996 (24)}) (14... Qa5 $5 15. Qf2 (15. Nd5 Qxd2 16. Nxf6+ Bxf6 $11 (
16... gxf6 17. Bxd2 $14 {1/2-1/2 Bologan,V-Goldin,A/EUCup f Budapest ,CBM 1996
(80)})) 15... b4 16. Ne2 e5 17. Nc1 Be6 18. Nb3 Qc7 19. Bxa6 Rb8 20. Ba7 Ra8
21. Bb5+ Nd7 22. Be3 O-O 23. Qe2 {1/2-1/2 Lanka,Z-Tyomkin,D/Creon 1996/Inf 67 
(23)}) 15. g4 Nd7 (15... b4 16. Ne2 d5 (16... a5 17. Nd4 Bd7) 17. e5 Nd7 18. f4
{Lanka,Z-Wells,P/Passau 1996/Inf 67(18)}) 16. Be2 (16. Ne2 Ne5 17. Nd4 O-O $132
) 16... Nb6 17. Bd3 b4 18. Ne2 Nc4 19. Bxc4 Qxc4 20. Ng3 Rb5 21. Bd4 Rg8 (21...
e5 22. Be3 O-O 23. Nf5 Bxf5 24. gxf5 $14) 22. h4 a5 (22... Bb7 23. b3 Qc6 24.
Nh5 e5 25. Bb2 d5 26. Bxe5 dxe4 27. Qf4 (27. Nxg7+ Kf8 28. Bb2 Rxg7 29. Bxg7+
Kxg7 30. fxe4 Re5 $44) 27... f6 28. Bd6 Kf7 (28... exf3 29. Rhe1 $18) 29. Bxe7
Kxe7 30. fxe4 Re5 31. Rd4 $16) (22... e5 $1 23. Bf2 Be6 24. b3 Qc6 25. Nf5 d5 (
25... Bxf5 26. gxf5 $16 {[%csl Gd5,Rd6,Re8]}) 26. Nxe7 Kxe7 27. g5 h5 $132 (
27... hxg5 28. hxg5 dxe4 29. fxe4 Bg4 30. Rde1 Bf3 31. Rh4 $132)) 23. Qd3 $5 (
23. b3 Qc6 24. Bb2 Bb7 $11) 23... Qxd3 24. cxd3 Ba6 $11 25. Nh5 (25. f4 Kd7 26.
Nh5 e5 27. Be3 g6 28. Ng3 h5 29. gxh5 exf4 30. Bxf4 gxh5 31. Nf5 Rg4 32. Rhf1
$132) 25... Kd7 26. Rh2 (26. Bxg7 Rxh5 $19) (26. Nxg7 e5 $19) (26. Rc1 a4 (
26... Rb7 27. Bxg7 Bxd3+ 28. Ka1 f5 29. exf5 exf5 30. gxf5 Bxf5 31. Bxh6 $44)
27. Rh3 e5 28. Be3 Ra5 29. Rd1 d5 $15) 26... a4 27. b3 (27. f4 $132) 27... axb3
28. axb3 Ra5 29. Bb2 f6 (29... g6 {Was enough for draw, but Black want to win..
.} 30. Nf6+ Bxf6 31. Bxf6 Rc8 $11) 30. f4 $6 $15 (30. Rc2 $11) 30... Bb7 31.
Re2 (31. Rc2 e5 32. Rdc1 Bd8 33. f5 Ba6 34. Rd1 g6 35. fxg6 Rxg6 36. Rg2 d5 $15
) 31... e5 32. d4 $2 $17 (32. f5 $2 g6 33. fxg6 Rxg6 34. Rg1 Ra8 35. Kc2 Rag8
36. Rf2 Rxg4 37. Rxg4 Rxg4 38. Nxf6+ Bxf6 39. Rxf6 Rxh4 $17) (32. fxe5 $1 fxe5
(32... dxe5 33. d4 Ke8 34. Ng3 $132) 33. Rh2 g5 34. hxg5 Rxg5 35. Rg2 d5 36. d4
dxe4 37. dxe5+ $15) 32... g6 $2 $132 (32... exf4 {Was simply and strong.} 33.
Nxf4 g5 34. hxg5 Raxg5 $17 {[%csl Rg4]}) {[%tqu "En","?","","","h5f6","",10]}
33. Nxf6+ $1 Bxf6 34. dxe5 {This position is very complicated and unclear.
Sure, Lerner didn't like it.} Bxh4 (34... Be7 35. exd6 (35. Rd4 Ba6 36. Rh2 Kc6
37. e6 d5 38. Rc2+ Kd6 39. f5 Bxh4 40. e5+ Ke7 41. Rc7+ Kd8 42. Rd7+ Kc8 43. f6
$16) 35... Bxh4 36. e5 Bf3 37. e6+ Kd8 38. g5 $1 Rf5 39. Bf6+ Rxf6 40. gxf6
Bxf6 41. Ra2 Ke8 42. Re1 g5 43. fxg5 Rxg5 44. Ra7 Re5 45. Rxe5 Bxe5 46. Re7+
Kd8 47. Rf7 Be4+ 48. Kc1 Bxd6 49. Rd7+ $16) 35. Rxd6+ Ke7 36. Rb6 $1 (36. f5
gxf5 37. Rxh6 (37. gxf5 Rg1+ 38. Kc2 Ba6 $19) 37... Bxe4+ 38. Rxe4 fxe4 39.
Rxh4 Rd5 $17) 36... Ba6 37. Rd2 Bg3 (37... h5 38. Rd5 $2 (38. Rdd6 $1 Bc8 (
38... Ra8 39. g5 Bg3 40. f5 gxf5 41. Re6+ $1 (41. exf5 $2 Bc8 42. f6+ Ke8 43.
e6 (43. g6 Bf5+ 44. Kc1 Bxg6 $19) 43... Bxd6 44. Rxd6 Bb7 $19) 41... Kf8 42.
Rf6+ Ke7 43. Rfe6+ $11 (43. exf5 Bd3+ 44. Kc1 Bf4+ 45. Kd1 Ra1+ $19)) 39. g5 (
39. gxh5 gxh5 40. Rxb4 Rg1+ 41. Kc2 Ra2 42. Rc4 Bg4 43. Rc7+ Ke8 $17) 39... Bg3
(39... Bf2) 40. Bc1 $2 (40. e6 $1 Re8 (40... Rxg5 41. fxg5 Bxd6 42. Bf6+ Kxe6
43. e5 Kd5 44. Rxd6+ Kc5 45. Bd8 $11) 41. Rd7+ $1 Bxd7 42. Bf6+ Kf8 43. exd7
Bxf4 44. Rxb4 $1 (44. dxe8=Q+ Kxe8 45. Rxb4 Kd7 (45... Bxg5 46. Rb8+ Kf7 47. b4
Bf4 48. Rb7+ Kxf6 49. bxa5 $18) 46. Rb7+ $14) 44... Bxg5 45. dxe8=Q+ Kxe8 46.
Rb8+ Kf7 47. b4 $18) 40... Ra7 (40... Rf8 41. Rf6 h4 42. Bd2 Rxf6 43. Bxb4+ Ke8
44. gxf6 Ra8 45. e6 Bxe6 46. Rxe6+ Kf7 47. Re7+ Kxf6 48. Rh7 $11) 41. Bd2 Rd7
42. Kc2 Rxd6 43. exd6+ Ke6 44. e5 h4 $19) (38. f5 $2 gxf5 39. gxf5 (39. exf5
Rxg4 40. f6+ Ke8 41. Re6+ Kf7 42. Re7+ Kg6 43. Rg7+ Kf5 44. f7 Be7 45. Rg8 Ke6
$19) 39... Rg1+ 40. Bc1 Rc5 41. f6+ (41. Rxa6 Rcxc1+ 42. Kb2 Rb1+ 43. Kc2 Rgc1+
44. Kd3 Rc3+ 45. Kd4 Bf2+ 46. Kd5 Rc5#) 41... Kf7 42. Rd7+ Ke8 43. Re7+ Kf8 44.
Rb8+ Bc8 $19) 38... Bf2 39. Rxb4 Rxd5 40. exd5 hxg4 $17) 38. Rdd6 Bc8 (38...
Bxf4 39. Rxa6 (39. Re6+ Kd7 40. Rbd6+ Kc7 41. Rxa6 Rxa6 42. Rxa6 h5 $11) 39...
Rxa6 40. Rxa6 h5 $11) 39. Rbc6 (39. Bc1 h5 (39... Bxg4 40. Rb7+ Ke8 41. Rb8+
Kf7 42. Rxg8 Kxg8 43. Rxg6+ $18) 40. g5 Ra7 $19 {See one of previous
variations.}) 39... Bxg4 40. Rc7+ Ke8 41. f5 $1 Bxe5 (41... gxf5 42. Rc8+ Kf7
43. Rf6+ Kg7 (43... Ke7 44. Rxg8 $18) 44. Rc7+ Kh8 45. Rxh6# $1) (41... Ra8 42.
Re6+ Kd8 43. Ree7 $11) 42. Rc8+ (42. Bxe5 Rxe5 43. Rb6 Kd8 44. Ra7 Kc8 45. Ra8+
Kc7 46. Rxg8 Bxf5 (46... Kxb6 47. Rxg6+ Kc5 48. Rxg4 $18) 47. exf5 Kxb6 48.
fxg6 Rg5 $11) 42... Kf7 43. Rd7+ Kf6 44. Rxg8 gxf5 45. Rgg7 Bxb2 (45... h5 46.
Rdf7+ Ke6 47. Re7+ Kd6 48. Rxe5 Rxe5 49. Bxe5+ Kxe5 50. exf5 Bxf5+ 51. Kc1 h4
52. Rg8 h3 53. Rh8 Be6 54. Kc2 Bf5+ 55. Kd2 $11 (55. Kb2 Kf4 56. Kc1 Kg3 $17))
46. Kxb2 h5 47. Rdf7+ Ke6 48. exf5+ Rxf5 (48... Bxf5 49. Rb7 h4 50. Rxb4 h3 51.
Kc3 $16) 49. Rb7 $1 (49. Rxf5 $2 Kxf5 50. Rb7 h4 51. Rb5+ Ke4 52. Rxb4+ Kf3 53.
Rb8 h3 54. Rh8 Kg2 55. Kc3 h2 $11) 49... Rf4 50. Rb6+ Kf5 51. Rb5+ (51. Rf7+
Kg5 52. Rxf4 Kxf4 53. Rxb4+ Kg3 $11) 51... Kf6 52. Rg8 Rd4 (52... Bf5 $1 $11)
53. Rh8 Kg6 54. Rg8+ Kf6 55. Rgb8 Re4 $4 $18 (55... h4 $1 56. Rxb4 Rxb4 57.
Rxb4 Kg5 58. Rd4 h3 59. Rd2 Kf4 $11) 56. R8b6+ Re6 57. Rb8 Re4 (57... Re2+ 58.
Kc1 h4 59. Rxb4 Rg2 60. Rf8+ Kg6 61. Rb6+ Kg5 (61... Kg7 62. Ra8 $18 {[%csl
Rg7][%cal Ga8a7,Gb6b8]}) 62. Rb5+ Kg6 63. Rg8+ Kf6 64. Rbg5 h3 65. R8g6+ Ke7
66. Rxg4 h2 67. Rxg2 h1=Q+ 68. Kc2 $18) 58. Kc2 $1 {Suddenly White King enters
into struggle.} h4 59. Kd3 Re6 60. Rxb4 Bf5+ 61. Kd2 h3 62. Rh4 Re4 (62... Kg5
63. Rbh8 $18) 63. Rh5 Kg6 64. Rbh8 Be6 65. R8h6+ Kf7 66. Rh7+ Kf6 67. R5h6+ Ke5
68. Rb7 (68. Rxe6+ Kxe6 69. Rxh3 Kd6 70. Rc3 Rb4 $11) 68... Kf4 (68... Rd4+ 69.
Kc3 Rd6 70. b4 $18) 69. Re7 Bf5 $6 (69... Bg4 $5 70. Rxe4+ Kxe4 71. b4 Kd5 (
71... Bd7 72. Kc3 Kd5 73. Rh5+ Kc6 74. b5+ Kb6 75. Kb4 $18) 72. Kc3 (72. Ke3 $2
Bd7 (72... Kc4 73. Rh4 $18) 73. Rh4 Bb5 74. Kf2 Bd7 75. Kg3 Kc6 76. Rh5 Kb6 77.
Kf4 Bc8 78. Ke4 Bg4 79. Rh4 Bd7 80. Kd4 Kb5 81. Kc3 Kb6 82. Rh6+ Kb5 83. Rh5+
Kb6 84. Kd4 (84. Kc4 Be6+ 85. Kd4 Bd7) 84... Bg4 $11 {K can't go to c4}) 72...
Bd7 73. Rh5+ Kc6 74. b5+ Kb6 75. Kb4 $18) 70. Rh4+ Kf3 71. Rexe4 Bxe4 72. Rxh3+
1-0